Подробности
| 000 -МАРКЕР |
| контрольное поле |
02427nam0a2200457 4500 |
| 001 - ИДЕНТИФИКАТОР ЗАПИСИ |
| контрольное поле |
RU\NLR\bibl\1491928 |
| 005 - ИДЕНТИФИКАТОР ВЕРСИИ |
| контрольное поле |
20260405200441.0 |
| 010 ## - МЕЖДУНАРОДНЫЙ СТАНДАРТНЫЙ НОМЕР КНИГИ (ISBN) |
| Номер (ISBN) |
978-5-87237-676-7 |
| Тираж |
150 |
| 021 ## - НОМЕР ГОСУДАРСТВЕННОЙ РЕГИСТРАЦИИ |
| Код страны |
Российская Федерация |
| Номер |
2010-7174 |
| Номер Листа государственной регистраци |
466 |
| 035 ## - ДРУГИЕ СИСТЕМНЫЕ НОМЕРА |
| Идентификатор записи |
(nilc)RSL-KNO-004578523 |
| 035 ## - ДРУГИЕ СИСТЕМНЫЕ НОМЕРА |
| Идентификатор записи |
(NLR Aleph) 001483474 |
| 100 ## - ДАННЫЕ ОБЩЕЙ ОБРАБОТКИ |
| Данные общей обработки |
20100205d2009 |||y0rusy50 ca |
| 101 0# - ЯЗЫК РЕСУРСА |
| Язык текста, звукозаписи и т.д. |
русский |
| 102 ## - СТРАНА ПУБЛИКАЦИИ ИЛИ ПРОИЗВОДСТВА |
| Страна публикации |
Российская Федерация |
| 105 ## - ПОЛЕ КОДИРОВАННЫХ ДАННЫХ: ТЕКСТОВЫЕ МАТЕРИАЛЫ, МОНОГРАФИЧЕСКИЕ |
| Кодированные данные о монографическом текстовом документе |
c ||||||||| |
| 200 1# - ЗАГЛАВИЕ И СВЕДЕНИЯ ОБ ОТВЕТСТВЕННОСТИ |
| Основное заглавие |
Слово и текст: история, культура, этнос |
| Сведения, относящиеся к заглавию |
сборник научных трудов памяти Лидии Яковлевны Петровой |
| Первые сведения об ответственности |
Федеральное агентство по образованию, ГОУ ВПО "Сыктывкарский гос. ун-т" |
| Последующие сведения об ответственности |
[редкол.: А. Н. Власов и др.] |
| 210 ## - ПУБЛИКАЦИЯ, РАСПРОСТРАНЕНИЕ И ДР. |
| Место издания, распространения и т.д. |
Сыктывкар |
| Имя издателя, распространителя и т. д. |
Сыктывкарский государственный университет |
| Дата издания, распространения и т.д. |
2009 |
| 215 ## - ФИЗИЧЕСКАЯ ХАРАКТЕРИСТИКА |
| Специфическое обозначение материала и объем |
249 с. |
| Другие сведения о физической характеристике |
портр. |
| Размеры |
20 |
| 320 ## - ПРИМЕЧАНИЯ О НАЛИЧИИ В ДОКУМЕНТЕ БИБЛИОГРАФИИ / УКАЗАТЕЛЯ |
| Текст примечания |
Библиогр. в подстроч. примеч. |
| 320 ## - ПРИМЕЧАНИЯ О НАЛИЧИИ В ДОКУМЕНТЕ БИБЛИОГРАФИИ / УКАЗАТЕЛЯ |
| Текст примечания |
Список трудов Л. Я. Петровой: с. 245-246 |
| 600 #1 - ИМЯ ЛИЦА КАК ПРЕДМЕТ |
| Начальный элемент ввода |
Петрова |
| Часть имени, кроме начального элемента ввода |
Л.Я. |
| Даты |
1949 - 2007 |
| Расширение инициалов личного имени |
Лидия Яковлевна |
| Системный номер авторитетной/нормативной записи |
2612680 |
| Идентификатор авторитетной/нормативной записи |
RU\NLR\auth\661549238 |
| 606 1# - НАИМЕНОВАНИЕ ТЕМЫ КАК ПРЕДМЕТ |
| Наименование темы |
Русский язык |
| Формальный подзаголовок |
Сборники |
| Тематический подзаголовок |
История |
| Системный номер авторитетной/нормативной записи |
1511577 |
| Идентификатор авторитетной/нормативной записи |
RU\NLR\auth\66656247 |
| 606 1# - НАИМЕНОВАНИЕ ТЕМЫ КАК ПРЕДМЕТ |
| Наименование темы |
Русский язык |
| Формальный подзаголовок |
Сборники |
| Тематический подзаголовок |
Диалектология |
| Системный номер авторитетной/нормативной записи |
1535151 |
| Идентификатор авторитетной/нормативной записи |
RU\NLR\auth\66970140 |
| 606 1# - НАИМЕНОВАНИЕ ТЕМЫ КАК ПРЕДМЕТ |
| Наименование темы |
Этнолингвистика |
| Формальный подзаголовок |
Сборники |
| Системный номер авторитетной/нормативной записи |
1627375 |
| Идентификатор авторитетной/нормативной записи |
RU\NLR\auth\661016864 |
| 686 ## - ИНДЕКСЫ ДРУГИХ КЛАССИФИКАЦИЙ |
| Индекс |
Ш.я434Петрова Л.Я. |
| Код системы |
|
| 686 ## - ИНДЕКСЫ ДРУГИХ КЛАССИФИКАЦИЙ |
| Индекс |
Ш1г(2)7д.Петрова Л.Я.я434 |
| Код системы |
|
| 686 ## - ИНДЕКСЫ ДРУГИХ КЛАССИФИКАЦИЙ |
| Индекс |
Ш141.12-0я434 |
| 686 ## - ИНДЕКСЫ ДРУГИХ КЛАССИФИКАЦИЙ |
| Индекс |
Ш141.12-5я434 |
| 686 ## - ИНДЕКСЫ ДРУГИХ КЛАССИФИКАЦИЙ |
| Индекс |
Ш100.33я434 |
| 686 ## - ИНДЕКСЫ ДРУГИХ КЛАССИФИКАЦИЙ |
| Индекс |
Ш1г(2)7дПетрова |
| 702 #1 - ИМЯ ЛИЦА - ВТОРИЧНАЯ ОТВЕТСТВЕННОСТЬ |
| Код отношения |
Редактор |
| Материалы, к которым относится поле |
rus |
| Графика поля |
Кириллица |
| Начальный элемент ввода |
Власов |
| Часть имени, кроме начального элемента ввода |
А. Н. |
| Дополнения к именам, кроме дат |
д-р филол. наук, фольклорист |
| Даты |
1955- |
| Расширение инициалов личного имени |
Андрей Николаевич |
| Идентификатор авторитетной/нормативной записи |
RU\NLR\auth\7731703 |
| Системный номер авторитетной/нормативной записи |
14713 |
| 702 #1 - ИМЯ ЛИЦА - ВТОРИЧНАЯ ОТВЕТСТВЕННОСТЬ |
| Код отношения |
Прочие |
| Материалы, к которым относится поле |
rus |
| Графика поля |
Кириллица |
| Начальный элемент ввода |
Петрова |
| Часть имени, кроме начального элемента ввода |
Л. Я. |
| Дополнения к именам, кроме дат |
канд. филол. наук |
| Даты |
1949-2007 |
| Расширение инициалов личного имени |
Лидия Яковлевна |
| Идентификатор авторитетной/нормативной записи |
RU\NLR\auth\7788072 |
| Системный номер авторитетной/нормативной записи |
71000 |
| 712 02 - НАИМЕНОВАНИЕ ОРГАНИЗАЦИИ - ВТОРИЧНАЯ ОТВЕТСТВЕННОСТЬ |
| Код отношения |
Прочие |
| Начальный элемент ввода |
Сыктывкарский государственный университет |
| Системный номер авторитетной/нормативной записи |
434212 |
| Идентификатор авторитетной/нормативной записи |
RU\NLR\AUTH\889968910 |
| 801 #0 - ИСТОЧНИК ЗАПИСИ |
| Страна |
Российская Федерация |
| Организация |
РГБ |
| Дата составления |
20100205 |
| Правила каталогизации |
rcr |
| 801 #1 - ИСТОЧНИК ЗАПИСИ |
| Страна |
Российская Федерация |
| Организация |
РГБ |
| Дата составления |
20100205 |
| 801 #2 - ИСТОЧНИК ЗАПИСИ |
| Страна |
Российская Федерация |
| Организация |
NLR |
| Дата составления |
20100331 |
| Правила каталогизации |
rcr |
| 942 ## - ДОПОЛНИТЕЛЬНЫЕ ЭЛЕМЕНТЫ ЗАПИСИ (АБИС) |
| Тип экземпляра АБИС |
Книга |
| 980 ## - КОЛЛЕКЦИЯ |
| Название коллекции |
Национальная библиография |
| 980 ## - КОЛЛЕКЦИЯ |
| Название коллекции |
НБР |